000 01158nam a22002177a 4500
005 20120809122427.0
010 _aB-477233-234
020 _a8187226099 (set )
_c1495.00 (set of 2 vol.)
035 _aB-477233-234
037 _adpl
_bk.k. /pub/ven
082 _a954.08
100 _aBrown, J.C.
_951111
245 _aThe Punjab and Delhi in 1857/
_cby J.C. Brown
260 _a New Delhi
_bShubhi Publication
_c1999
270 _a5, Ansari road daryaganj,
_bNew Delhi
_e1999
300 _a2 v. ( xxi,389 p: viii,372 p.)
_c22 cm. (Hb)
942 _2ddc
_cEN
_mBRO
_h954.08
999 _c68962
_d68962